New England State Governors - Statistics

General Stats
  • This quiz has been taken 4 times
  • The average score is 5 of 6
Answer Stats
Hint Answer % Correct
Maine Janet Mills
100%
New Hampshire Kelly Ayotte
100%
Vermont Phil Scott
100%
Massachusetts Maura Healey
75%
Connecticut Ned Lamont
75%
Rhode Island Dan McKee
0%
No matching quizzes found
Score Distribution
Percent of People with Each Score
Percentile by Number Answered
Your Score History
You have not taken this quiz